[Event "Zagreb op"]
[Site "Zagreb"]
[Date "1997.??.??"]
[Round "9"]
[White "Ponos, Velimir"]
[Black "Franic, Milan"]
[Result "1/2-1/2"]
[WhiteElo "2210"]
[BlackElo "2410"]
[PlyCount "102"]
[EventDate "1997.??.??"]
[EventType "swiss"]
[EventRounds "9"]
[EventCountry "CRO"]
[SourceTitle "EXT 1999"]
[Source "ChessBase"]
[SourceDate "1998.11.16"]
[SourceVersion "1"]
[SourceVersionDate "1998.11.16"]
[SourceQuality "1"]

1. e4 e5 2. Nf3 Nc6 3. Nc3 g6 4. d4 exd4 5. Nxd4 Bg7 6. Be3 Nf6 7. Nxc6 bxc6 8. e5 Ng8 9. f4 f6 10. Bc4 fxe5 11. Bxg8 Rxg8 12. 0-0 Ba6 13. Re1 Kf7 14. Qf3 Rf8 15. fxe5+ Kg8 16. Qg3 Rf5 17. Bd4 d6 18. Rad1 c5 19. Bxc5 Bxe5 20. Rxe5 Rxe5 21. Bd4 Rf5 22. Ne4 Qe7 23. Qb3+ Kf8 24. Ng3 Rf7 25. Bc3 Qe3+ 26. Kh1 Re8 27. h3 Qb6 28. Qa3 Re3 29. Kh2 Rf2 30. Qa4 Bb7 31. Rg1 c5 32. Qh4 Re7 33. Ne4 Rff7 34. Ng5 d5 35. Nxf7 Rxf7 36. Qh6+ Kg8 37. Be5 d4 38. Re1 Qc6 39. Qg5 Qd5 40. Qg3 Bc6 41. Bd6 Rf6 42. Be7 Rf5 43. Re2 a5 44. Qb8+ Kg7 45. Qc7 Kh6 46. Qxa5 g5 47. Qd8 Qxd8 48. Bxd8 Bb5 49. Rd2 Rd5 50. Bb6 Kg6 51. b4 cxb4 1/2-1/2

[Event "CRO-chT2"]
[Site "Tucepi"]
[Date "1996.??.??"]
[Round "?"]
[White "Ponos, Velimir"]
[Black "Vadla, Zeljko"]
[Result "1/2-1/2"]
[WhiteElo "2265"]
[BlackElo "2225"]
[PlyCount "22"]
[EventDate "1996.??.??"]
[EventType "team-tourn"]
[EventRounds "9"]
[EventCountry "CRO"]
[SourceTitle "EXT 1998"]
[Source "ChessBase"]
[SourceDate "1997.11.17"]
[SourceVersion "1"]
[SourceVersionDate "1997.11.17"]
[SourceQuality "1"]

1. e4 c5 2. Nf3 Nc6 3. c3 d5 4. exd5 Qxd5 5. d4 e6 6. Be2 Nf6 7. Be3 cxd4 8. cxd4 Be7 9. 0-0 0-0 10. Nc3 Qd6 11. Rc1 Nb4 1/2-1/2

[Event "CRO-chT2"]
[Site "Opatija"]
[Date "1995.??.??"]
[Round "?"]
[White "Arbanas, Josip"]
[Black "Ponos, Velimir"]
[Result "1-0"]
[WhiteElo "2135"]
[BlackElo "2290"]
[PlyCount "51"]
[EventDate "1995.??.??"]
[EventType "team-tourn"]
[EventRounds "9"]
[EventCountry "CRO"]
[SourceTitle "EXT 1998"]
[Source "ChessBase"]
[SourceDate "1997.11.17"]
[SourceVersion "1"]
[SourceVersionDate "1997.11.17"]
[SourceQuality "1"]

1. d4 d5 2. Nf3 e6 3. c4 c6 4. Nc3 f5 5. g3 Nf6 6. Bg2 Bd6 7. 0-0 0-0 8. b3 Nbd7 9. Bb2 Qe8 10. e3 Qh5 11. cxd5 exd5 12. Nh4 Ng4 13. h3 Ndf6 14. hxg4 fxg4 15. Qd3 g5 16. Nf5 Qg6 17. e4 Bxf5 18. exf5 Qg7 19. Rfe1 h5 20. Re6 Bc7 21. Rae1 Rf7 22. Ba3 Rd8 23. Be7 Rd7 24. Bxf6 Rxf6 25. Rxf6 Qxf6 26. Re6 1-0

[Event "CRO-chT2"]
[Site "Opatija"]
[Date "1995.??.??"]
[Round "?"]
[White "Ponos, Velimir"]
[Black "Sevo, Igor"]
[Result "1-0"]
[WhiteElo "2290"]
[BlackElo "2125"]
[PlyCount "55"]
[EventDate "1995.??.??"]
[EventType "team-tourn"]
[EventRounds "9"]
[EventCountry "CRO"]
[SourceTitle "EXT 1998"]
[Source "ChessBase"]
[SourceDate "1997.11.17"]
[SourceVersion "1"]
[SourceVersionDate "1997.11.17"]
[SourceQuality "1"]

1. e4 c5 2. Nf3 e6 3. c3 b6 4. d4 Nf6 5. Bd3 cxd4 6. cxd4 Bb7 7. Nc3 Be7 8. 0-0 d6 9. Qe2 0-0 10. Bg5 Nfd7 11. Bf4 Re8 12. Nb5 Nf8 13. Rac1 Bc6 14. d5 exd5 15. exd5 Bxb5 16. Bxb5 Nbd7 17. Qc4 Ng6 18. Bg3 Rf8 19. Nd4 Nde5 20. Qe2 a6 21. Bxa6 h5 22. h3 h4 23. Bh2 Bf6 24. a3 Ne7 25. Bb5 Nxd5 26. Nc6 Qe8 27. Nxe5 Qe6 28. Nd7 1-0